| 000 | 00516cam a2200169 a 4500 | ||
|---|---|---|---|
| 020 | _a0070629978 (text) | ||
| 020 | _a0070629986 (SM) | ||
| 082 | 0 | 0 |
_a624.2 _bTAL _cL-NUST, P-44 |
| 100 | 1 |
_aTaly, Narendra. _946281 |
|
| 245 | 1 | 0 |
_aDesign of modern highway bridges / _cNarendra Taly. |
| 260 |
_aNew York : _bMcGraw-Hill, _cc1998. |
||
| 300 |
_axvi, 1352 : _bill. ; _c25 cm. |
||
| 526 |
_a0 _b0 _c0 _d624_200000000000000_TAL |
||
| 650 | 0 |
_aBridges _xDesign and construction. _9801 |
|
| 650 | 0 |
_aMCE _9379 |
|
| 942 |
_2ddc _cBK |
||
| 999 |
_c549651 _d549651 |
||